|
|
|
|
| LEADER |
00000nas a2200000 a 4500 |
| 001 |
ssj0035843 |
| 003 |
WaSeSS |
| 005 |
20200512172242.0 |
| 006 |
m d |
| 007 |
cr n |
| 008 |
030805c20039999ne br pss 0 a0eng c |
| 010 |
|
|
|a 2009233384
|
| 015 |
|
|
|a GBB553583
|2 bnb
|
| 016 |
7 |
|
|a 012435204
|2 Uk
|
| 016 |
|
|
|a 012435204
|
| 016 |
7 |
|
|a 2118389 2
|2 DE-600
|
| 016 |
7 |
|
|a 2118389-2
|2 DE-600
|
| 016 |
7 |
|
|a 101230758
|2 DNLM
|
| 022 |
|
|
|a 1873-0442
|l 1477-8939
|y 1477-8939
|
| 035 |
|
|
|a (WaSeSS)ssj0035843
|
| 040 |
|
|
|a TWT
|b eng
|c TWT
|d OCLCQ
|d VAM
|d CGU
|d MUQ
|d GUA
|d OCLCQ
|d UKMGB
|d OCLCQ
|d OCLCO
|d OPELS
|d OCLCF
|d COO
|d OCLCO
|d VT2
|d EUW
|d OCLCO
|d OCLCQ
|d NLE
|d BUF
|d OCLCA
|d U3W
|d EZC
|d OCLCO
|d FQM
|d OCLCO
|d AU@
|d OCLCO
|d WYU
|d OCLCO
|d OCLCA
|d QE2
|d DEBBG
|d LND
|d UAB
|d LIP
|d S2H
|d WURST
|d NTG
|d HEBIS
|d WaSeSS
|
| 042 |
|
|
|a pcc
|
| 050 |
1 |
4 |
|a RA783.5
|
| 060 |
0 |
0 |
|a W1
|b TR295Q
|
| 082 |
0 |
4 |
|a 610.5
|2 22
|
| 222 |
|
0 |
|a Travel medicine and infectious disease
|b (Online)
|
| 245 |
0 |
0 |
|a Travel medicine and infectious disease
|h [electronic resource].
|
| 260 |
|
|
|a [Amsterdam?] :
|b Elsevier
|
| 310 |
|
|
|a Bimonthly,
|b 2006-
|
| 321 |
|
|
|a Quarterly,
|b 2003-2005
|
| 362 |
0 |
|
|a Vol. 1, issue 1 (Feb. 2003)-
|
| 506 |
|
|
|a License restrictions may limit access.
|
| 588 |
|
|
|a Description based on: Vol. 1, issue 1 (Feb. 2003); title from image of cover (ScienceDirect journal home page, viewed Aug. 5, 2003).
|
| 588 |
|
|
|a Latest issue consulted: Vol. 7, issue 3 (May 2009), viewed July 13, 2009.
|
| 650 |
|
0 |
|a Travel
|x Health aspects
|v Periodicals.
|
| 650 |
|
0 |
|a Communicable diseases
|v Periodicals.
|
| 650 |
|
0 |
|a Tropical medicine
|v Periodicals.
|
| 650 |
|
6 |
|a Voyage
|x Aspect sanitaire
|v Périodiques.
|
| 650 |
|
6 |
|a Maladies infectieuses
|v Périodiques.
|
| 650 |
|
6 |
|a Médecine tropicale
|v Périodiques.
|
| 650 |
|
7 |
|a Communicable diseases.
|2 fast
|0 (OCoLC)fst00869883
|
| 650 |
|
7 |
|a Travel
|x Health aspects.
|2 fast
|0 (OCoLC)fst01155573
|
| 650 |
|
7 |
|a Tropical medicine.
|2 fast
|0 (OCoLC)fst01157469
|
| 650 |
2 |
2 |
|a Bacterial Infections.
|
| 650 |
2 |
2 |
|a Travel.
|
| 650 |
2 |
2 |
|a Communicable Diseases.
|
| 650 |
2 |
2 |
|a Virus Diseases.
|
| 650 |
1 |
2 |
|a Infection.
|
| 650 |
|
2 |
|a Communicable Diseases
|v periodicals.
|
| 650 |
|
2 |
|a Travel
|v periodicals.
|
| 650 |
|
2 |
|a Travel.
|
| 650 |
|
2 |
|a Communicable Diseases.
|
| 653 |
0 |
0 |
|a reisgeneeskunde
|
| 653 |
0 |
0 |
|a travel medicine
|
| 653 |
0 |
0 |
|a toerisme
|
| 653 |
0 |
0 |
|a tourism
|
| 653 |
0 |
0 |
|a infectieziekten
|
| 653 |
0 |
0 |
|a infectious diseases
|
| 653 |
0 |
0 |
|a infectie
|
| 653 |
0 |
0 |
|a infection
|
| 653 |
0 |
0 |
|a ziekten
|
| 653 |
0 |
0 |
|a diseases
|
| 653 |
1 |
0 |
|a Human Pathology
|
| 653 |
2 |
0 |
|a Public Health
|
| 653 |
1 |
0 |
|a Humane pathologie
|
| 653 |
2 |
0 |
|a Volksgezondheid
|
| 655 |
|
0 |
|a Electronic journals.
|
| 776 |
0 |
8 |
|i Print version:
|t Travel medicine and infectious disease
|x 1477-8939
|w (DLC) 2004243919
|w (OCoLC)54496385
|
| 856 |
4 |
0 |
|z Full text available from Research Library: 02/01/2003 to 2 months ago
|u https://search.proquest.com/publication/1216379
|